000 01335nam a2200301 i 4500
003 DO-SdBNP
005 20250708095635.0
007 ta
008 250708t2008 dr 000 0 spa d
040 _aDO-SdBNP
_bspa
_cBNPHU
_erda
041 _hspa
082 _axxxx
_bV335c
_222
100 _aVásquez Perrotta, Manuel Ramón,
_d1965-
_eautor
_4aut.
_99312
245 1 0 _a"Crímenes y delitos de computadora y alta tecnología en la era de los convergentes" :
_belementos de frontera en el derecho informático penal /
_cManuel Ramón Vásquez Perrotta ; prólogo local, Luis Heredia Bonetti ; prólogo internacional, Carlos Corvo ; presentación, Alejandro Adolfo Moscoso Segarra
250 _aPrimera edición
264 _aSanto Domingo :
_bComisionado de apoyo a la Reforma y Modernización de la Justicia,
_c2008.
300 _a805 páginas
_c23 cm.
336 _atexto
_btxt
_2rdacontent
337 _asin mediación
_bn
_2rdamedia
338 _avolumen
_bnc
_2rdacarrier
500 _aIncluye datos biografícos del autor en la solapa de la cubierta.
590 _aInventariado, 2025/ YL
700 1 _aHeredia Bonetti, Luis
_eprólogo local
_99316
700 1 _aCorvo, Carlos
_eprólogo internacional
_988274
700 1 _aMoscoso Segarra, Alejandro Adolfo
_epresentación
_988275
910 _aYLockward
942 _2ddc
_cLBS1
999 _c59451
_d59451